Famous Richards Quiz Stats

Quiz not verified by Sporcle

Challenge
Share
Tweet
Embed
Score 0/20 Timer 06:00
0 Plays Today
Hint Famous Richard % Correct
U.S. president who insisted he wasn't a crook, then resigned.Richard Nixon
97.3%
This silver-haired actor starred in 'Pretty Woman' and 'Chicago.'Richard Gere
66.5%
This 46th U.S. Vice President accidentally shot his 78-year-old pal on a hunting trip.Dick Cheney
60.2%
He starred on 'General Hospital' before livin' la vida loca in 1999.Ricky Martin
59.7%
Need a workout? This spastic fitness personality will throw on a unitard and whip you into shape!Richard Simmons
51.6%
He starred on the UK's 'The Office' and skewered celebs at the 2011 Golden Globes.Ricky Gervais
49.8%
Honey, he shrank the kids and busted ghosts in 1989.Rick Moranis
49.6%
He starred in 'Bye Bye Birdie' and 'Mary Poppins,' as well as a TV series named after him.Dick Van Dyke
48.5%
Desi Arnaz played this character on 'I Love Lucy.'Ricky Ricardo
47.4%
Will Ferrell portrayed this NASCAR driver in 'Talladega Nights.'Ricky Bobby
46.9%
Hint Famous Richard % Correct
Marlon Wayans will star in a 2011 biopic about this famous comedian known for his honest views of racism and colorful language.Richard Pryor
45.9%
He's never gonna give you up, let you down, run around and desert you.Rick Astley
40.1%
This former NASCAR driver won the NASCAR Championship seven times; Dale Earnhardt is the only other driver to accomplish this feat.Richard Petty
35.2%
This head coach-turned-basketball sportscaster's catchphrases include 'diaper dandy' and 'baby.' Dick Vitale
29.4%
The birth name of Ringo Starr of the Beatles.Richard Starkey
29.4%
He won the first season of 'Survivor,' then went to jail for tax evasion.Richard Hatch
28.7%
Works of this famous German composer, mostly known for his operas, include 'Tristan und Isolde' and 'Der Ring des Nibelungen.'Richard Wagner
28.7%
This evolutionary biologist and 'The Selfish Gene' author holds a gene-centered evolutionary viewpoint.Richard Dawkins
21.6%
This retired NBA player was selected by the Celtics in 1991, then placed sixth on Season 11 of 'Dancing with the Stars.'Rick Fox
17.3%
This rapper, born William Leonard Roberts III, has hits including 'Here I Am' and 'Push It.'Rick Ross
13.2%

You're not logged in!

Compare scores with friends on all Sporcle quizzes.
Join for Free
OR
Log In

You Might Also Like...

Show Comments

Extras

Top Quizzes Today


Score Distribution

Your Account Isn't Verified!

In order to create a playlist on Sporcle, you need to verify the email address you used during registration. Go to your Sporcle Settings to finish the process.

Report this User

Report this user for behavior that violates our Community Guidelines.

Details: